000 00321 a2200157 4500
001 168933
020 _a
040 _cMagnum
100 _aRossi, Telma Lucia Ferreira
240 1 0 _aAudicao e fala
_lpor
245 1 0 _aAudicao e fala
362 0 _a1899
440 1 _aÁtica
697 _aPARADIDATICOS
942 _cBK
999 _c168933
_d168933